[Event "nav07"]
[Site "?"]
[Date "2007.12.05"]
[Round "1.8"]
[White "Holgado Maestre, Andres"]
[Black "Gofshtein, Leonid"]
[Result "0-1"]
[WhiteElo "1922"]
[BlackElo "2542"]
[PlyCount "54"]
[EventDate "2007.12.05"]
[SourceDate "2007.12.05"]

1. e4 d5 2. exd5 Qxd5 3. Nf3 Bg4 4. Nc3 Qd6 5. Bc4 Nf6 6. d3 Nc6 7. Be3 e6 8.
Qe2 a6 9. O-O-O Be7 10. h3 Bh5 11. g4 Bg6 12. Nh4 Nd5 13. Nxg6 Nxc3 14. bxc3
hxg6 15. f4 b5 16. Bb3 a5 17. f5 a4 18. fxe6 fxe6 19. Qf3 axb3 20. axb3 Rf8 21.
Qe4 Rf6 22. Bg5 Rf2 23. Bxe7 Kxe7 24. b4 Qd5 25. Qxd5 exd5 26. Rhe1+ Kd6 27.
Rf1 Rxf1 0-1

[Event "nav07"]
[Site "?"]
[Date "2007.12.05"]
[Round "1.9"]
[White "Del Rio Angelis, Gabriel"]
[Black "Beltran Ortiz, Edda"]
[Result "1-0"]
[WhiteElo "2512"]
[BlackElo "1921"]
[PlyCount "65"]
[EventDate "2007.12.05"]
[SourceDate "2007.12.05"]

1. d4 Nf6 2. c4 c5 3. e3 e6 4. Nf3 Be7 5. Nc3 O-O 6. d5 d6 7. Bd3 exd5 8. cxd5
Nbd7 9. O-O Ng4 10. Qc2 g6 11. Be2 f5 12. Nd2 Nde5 13. h3 Nf6 14. f4 Nf7 15. b3
Re8 16. Bb2 Bf8 17. e4 Nxe4 18. Ncxe4 fxe4 19. Bb5 Re7 20. Nxe4 Bf5 21. Nf6+
Kh8 22. Qf2 Bg7 23. g4 Be4 24. Rae1 a6 25. Bc4 b5 26. Nxe4 bxc4 27. Bxg7+ Kxg7
28. f5 gxf5 29. Qxf5 Qd7 30. Qf6+ Kg8 31. Qc3 Qd8 32. bxc4 Rb8 33. Nf6+ 1-0

[Event "nav07"]
[Site "?"]
[Date "2007.12.05"]
[Round "1.6"]
[White "Muñoz Fernandez, Jose L"]
[Black "Kolev, Atanas"]
[Result "0-1"]
[WhiteElo "1931"]
[BlackElo "2567"]
[PlyCount "40"]
[EventDate "2007.12.05"]
[SourceDate "2007.12.05"]

1. Nf3 Nf6 2. c4 e6 3. g3 d5 4. Bg2 dxc4 5. O-O Nbd7 6. Qc2 Nb6 7. a4 a5 8. Na3
Bxa3 9. Rxa3 O-O 10. d3 cxd3 11. Rxd3 Nbd5 12. Qc4 b6 13. Nd4 Ba6 14. Nb5 c6
15. Bxd5 Nxd5 16. e4 cxb5 17. axb5 Rc8 18. Qb3 a4 19. Qxa4 Qe8 20. Rb3 Nc7 0-1

[Event "nav07"]
[Site "?"]
[Date "2007.12.05"]
[Round "1.10"]
[White "Sanchez Marcos, Andres"]
[Black "Carlsson, Pontus"]
[Result "0-1"]
[WhiteElo "1910"]
[BlackElo "2481"]
[PlyCount "58"]
[EventDate "2007.12.05"]
[SourceDate "2007.12.05"]

1. e4 e6 2. Nc3 d5 3. d4 Nf6 4. e5 Nfd7 5. Nf3 c5 6. Nb5 a6 7. Nd6+ Bxd6 8.
exd6 cxd4 9. Qxd4 O-O 10. Be2 Nc6 11. Qf4 e5 12. Qg3 Qf6 13. O-O Qxd6 14. c4 d4
15. Bd3 f5 16. a3 a5 17. Rd1 a4 18. Bd2 Qg6 19. Qxg6 hxg6 20. Ng5 Nc5 21. Bb4
b6 22. f3 Re8 23. Bc2 Bd7 24. Kf2 Re7 25. Bxc5 bxc5 26. Rab1 Na5 27. b3 axb3
28. Bxb3 Nxb3 29. Rxb3 Ba4 0-1

[Event "nav07"]
[Site "?"]
[Date "2007.12.05"]
[Round "1.1"]
[White "Khamrakulov, Ibragim"]
[Black "De Francisco y De Diego, Felipe"]
[Result "1-0"]
[WhiteElo "2604"]
[BlackElo "1983"]
[PlyCount "77"]
[EventDate "2007.12.05"]
[SourceDate "2007.12.05"]

1. e4 e5 2. Nf3 Nc6 3. d4 exd4 4. Nxd4 Bc5 5. Nb3 Bb6 6. Nc3 d6 7. Qe2 Be6 8.
Be3 Qe7 9. O-O-O Nf6 10. f3 Bc4 11. Qf2 Bxf1 12. Rhxf1 Ne5 13. Bxb6 axb6 14.
Kb1 O-O 15. g4 Ra6 16. g5 Nfd7 17. f4 Nc4 18. Qd4 b5 19. Nxb5 Ndb6 20. e5 dxe5
21. fxe5 Ra4 22. Qc3 Qb4 23. Qxb4 Rxb4 24. Nxc7 Ne3 25. e6 Nxd1 26. e7 Rc4 27.
exf8=Q+ Kxf8 28. Ne6+ Ke7 29. Nxg7 Ne3 30. Re1 Kf8 31. Rxe3 Kxg7 32. Re7 Rg4
33. Rxb7 Rg1+ 34. Nc1 Nc4 35. b3 Nd2+ 36. Kb2 Rxg5 37. a4 Kg6 38. Nd3 f6 39.
Rd7 1-0

[Event "nav07"]
[Site "?"]
[Date "2007.12.05"]
[Round "1.3"]
[White "Granda Zuñiga, Julio"]
[Black "Varasa Paredes, Javier"]
[Result "1-0"]
[WhiteElo "2592"]
[BlackElo "1977"]
[PlyCount "64"]
[EventDate "2007.12.05"]
[SourceDate "2007.12.05"]

1. d4 e6 2. c4 b6 3. Nc3 Bb4 4. e3 Bb7 5. Nge2 f5 6. a3 Bxc3+ 7. Nxc3 Nf6 8. f3
d6 9. Bd3 Nbd7 10. O-O O-O 11. b4 Qe8 12. Bb2 Qh5 13. Qc2 g5 14. Rae1 g4 15. e4
f4 16. e5 dxe5 17. dxe5 g3 18. h3 Ne8 19. Be4 Bxe4 20. Rxe4 Nxe5 21. Qe2 Nc6
22. Nb5 a6 23. Rxe6 Nd8 24. Re5 Qg6 25. Nd4 Ng7 26. Re1 Nf7 27. Re7 Rad8 28.
Rxc7 Rxd4 29. Bxd4 Qd6 30. Bxg7 Qxc7 31. Bxf8 Kxf8 32. Qe8+ Kg7 1-0

[Event "nav07"]
[Site "?"]
[Date "2007.12.05"]
[Round "1.5"]
[White "Hamdouchi, Hicham"]
[Black "Mejias Gonzalez, Javier"]
[Result "1-0"]
[WhiteElo "2571"]
[BlackElo "1945"]
[PlyCount "91"]
[EventDate "2007.12.05"]
[SourceDate "2007.12.05"]

1. e4 c5 2. Nc3 d6 3. f4 Nf6 4. Nf3 a6 5. a4 e6 6. d4 cxd4 7. Qxd4 Nc6 8. Qf2
Be7 9. Bd3 Nb4 10. O-O Nxd3 11. cxd3 O-O 12. h3 Nd7 13. Be3 b6 14. d4 Bb7 15.
d5 exd5 16. exd5 Bf6 17. Nd4 Rc8 18. Rac1 Nc5 19. Rcd1 Qd7 20. Qc2 Rfe8 21. Rf3
Ne4 22. Qb3 Nxc3 23. bxc3 Rc5 24. Ne2 Ra5 25. Bxb6 Rxa4 26. Ng3 g6 27. c4 h5
28. Re3 Rxe3 29. Bxe3 Ra1 30. Rxa1 Bxa1 31. Kf2 a5 32. Qa3 Bg7 33. Qxa5 Qe7 34.
Qb6 Kh7 35. Bd4 Bxd4+ 36. Qxd4 f5 37. Qa7 Qd7 38. Ne2 Bc8 39. Qxd7+ Bxd7 40.
Nd4 Ba4 41. Nb5 Bb3 42. Nxd6 Kg7 43. Ke3 Kf6 44. Kd4 h4 45. c5 Ke7 46. Ke5 1-0

[Event "nav07"]
[Site "?"]
[Date "2007.12.05"]
[Round "1.2"]
[White "Vazquez, Alejandro"]
[Black "Burmakin, Vladimir"]
[Result "0-1"]
[WhiteElo "1981"]
[BlackElo "2593"]
[PlyCount "99"]
[EventDate "2007.12.05"]
[SourceDate "2007.12.05"]

1. e4 c6 2. d4 d5 3. Nd2 h6 4. c3 dxe4 5. Nxe4 Bf5 6. Bd3 e6 7. Ne2 Nd7 8. N2g3
Bh7 9. Bf4 Ngf6 10. Nd6+ Bxd6 11. Bxd6 Bxd3 12. Qxd3 Qa5 13. O-O Qd5 14. Bf4
O-O 15. c4 Qa5 16. Rfe1 Rfd8 17. a3 c5 18. b4 cxb4 19. Bd2 Qc7 20. axb4 Ne5 21.
Qe2 Nxc4 22. Rac1 b5 23. Nh5 Nxh5 24. Qxh5 Rd5 25. Qg4 h5 26. Qh4 Qd6 27. Bg5
Qxb4 28. Qxh5 f6 29. Qg4 Qe7 30. Bh6 Rd6 31. Rc3 f5 32. Qg3 Rxd4 33. Bg5 Qf7
34. Qf3 Re8 35. Qc6 Qd7 36. Qa6 Rd6 37. Qa2 Rd1 38. Qe2 Rxe1+ 39. Qxe1 e5 40.
Rg3 Re6 41. h4 a5 42. Qb1 Rd6 43. Kh2 a4 44. h5 Kh7 45. Rf3 e4 46. Rh3 Rd1 47.
Qa2 Qd6+ 48. g3 Ne5 49. f3 Nxf3+ 50. Kg2 0-1

[Event "nav07"]
[Site "?"]
[Date "2007.12.06"]
[Round "2.5"]
[White "De la Torre Suarez, Angel"]
[Black "Hamdouchi, Hicham"]
[Result "0-1"]
[WhiteElo "2142"]
[BlackElo "2571"]
[PlyCount "56"]
[EventDate "2007.12.05"]
[SourceDate "2007.12.05"]

1. d4 e6 2. Nf3 f5 3. g3 Nf6 4. Bg2 Be7 5. O-O O-O 6. b3 d6 7. Bb2 a5 8. c4 Qe8
9. Nc3 Qh5 10. Qc2 Nc6 11. e4 e5 12. dxe5 dxe5 13. Nd5 Bd8 14. Nd2 f4 15. gxf4
exf4 16. f3 Qg5 17. Kh1 Nh5 18. Rfe1 Ne5 19. Qc3 Re8 20. c5 Ra6 21. Nc4 Rg6 22.
Re2 Nxc4 23. bxc4 c6 24. Nb6 Rh6 25. Rd2 Ng3+ 26. Kg1 Qxc5+ 27. Qd4 Bxb6 28.
hxg3 Qb4 0-1

[Event "nav07"]
[Site "?"]
[Date "2007.12.06"]
[Round "2.6"]
[White "Kolev, Atanas"]
[Black "Rego, Pedro F"]
[Result "1-0"]
[WhiteElo "2567"]
[BlackElo "2119"]
[PlyCount "51"]
[EventDate "2007.12.05"]
[SourceDate "2007.12.05"]

1. e4 e5 2. Nf3 Nc6 3. d4 exd4 4. Nxd4 Bc5 5. Be3 Qf6 6. c3 Nge7 7. g3 d5 8.
Bg2 O-O 9. O-O dxe4 10. Nd2 Bxd4 11. Nxe4 Qg6 12. cxd4 Nf5 13. Rc1 Rd8 14. d5
Nce7 15. Rxc7 Nxe3 16. fxe3 Bg4 17. Qb3 Nxd5 18. Rxb7 Be6 19. Nc5 a5 20. Nxe6
fxe6 21. e4 Nb4 22. Rb6 Rf8 23. Rxe6 Rxf1+ 24. Bxf1 Qf7 25. Re8+ Rxe8 26. Bc4
1-0

[Event "nav07"]
[Site "?"]
[Date "2007.12.06"]
[Round "2.1"]
[White "Melero Fidalgo, Juan de D"]
[Black "Khamrakulov, Ibragim"]
[Result "0-1"]
[WhiteElo "2205"]
[BlackElo "2604"]
[PlyCount "42"]
[EventDate "2007.12.05"]
[SourceDate "2007.12.05"]

1. e4 c5 2. Nc3 Nc6 3. f4 g6 4. Nf3 Bg7 5. Bb5 Nd4 6. O-O Nxb5 7. Nxb5 d6 8.
Nc3 Nf6 9. d3 O-O 10. Qe1 a6 11. Qh4 b5 12. f5 b4 13. Ne2 e6 14. Bg5 exf5 15.
Ng3 h6 16. exf5 hxg5 17. Nxg5 d5 18. Rf4 Ra7 19. Raf1 Re7 20. Nxf7 Kxf7 21. Qg5
gxf5 0-1

[Event "nav07"]
[Site "?"]
[Date "2007.12.06"]
[Round "2.9"]
[White "Cilleruelo Garcia, Jaime"]
[Black "Del Rio Angelis, Gabriel"]
[Result "0-1"]
[WhiteElo "2111"]
[BlackElo "2512"]
[PlyCount "116"]
[EventDate "2007.12.05"]
[SourceDate "2007.12.05"]

1. e4 e6 2. d4 c5 3. d5 exd5 4. exd5 d6 5. Nf3 Nf6 6. c4 Be7 7. Bd3 O-O 8. h3
Na6 9. Nc3 Nc7 10. O-O a6 11. b3 b5 12. Bb2 Rb8 13. Rb1 Re8 14. Ng5 h6 15. Nge4
b4 16. Nxf6+ Bxf6 17. Ne4 Bxb2 18. Rxb2 f5 19. Ng3 Qf6 20. Re2 Bd7 21. Rfe1 g6
22. Qd2 Kg7 23. Qf4 Rxe2 24. Rxe2 Re8 25. Qf3 a5 26. Rxe8 Nxe8 27. Qe2 Qe5 28.
Qxe5+ dxe5 29. f3 Kf6 30. Kf2 Nd6 31. Bb1 a4 32. Nf1 a3 33. Nd2 g5 34. Bd3 h5
35. Ke2 h4 36. Ke3 Ne8 37. Be2 Ng7 38. Bd3 Nh5 39. Bc2 Nf4 40. Kf2 Be8 41. Nf1
Bg6 42. Ne3 e4 43. fxe4 fxe4 44. Ng4+ Ke7 45. Kf1 Kd6 46. Ne3 Ke5 47. Ke1 Bf5
48. Bd1 Bd7 49. Kd2 Kd6 50. Bc2 Ke5 51. Bd1 Bc8 52. Bc2 g4 53. Nxg4+ Bxg4 54.
hxg4 Nxg2 55. Ke2 h3 56. Bxe4 Kxe4 57. Kf2 Ne3 58. Kg3 Nxg4 0-1

[Event "nav07"]
[Site "?"]
[Date "2007.12.06"]
[Round "2.4"]
[White "Epishin, Vladimir"]
[Black "Garcia Moreno, Carlos"]
[Result "1/2-1/2"]
[WhiteElo "2578"]
[BlackElo "2165"]
[PlyCount "102"]
[EventDate "2007.12.05"]
[SourceDate "2007.12.05"]

1. d4 Nf6 2. c4 e6 3. Nc3 Bb4 4. e3 c5 5. Nge2 d5 6. a3 Bxc3+ 7. Nxc3 cxd4 8.
exd4 O-O 9. cxd5 Nxd5 10. Bd3 Nc6 11. Be3 e5 12. Nxd5 Qxd5 13. Qh5 g6 14. Qg5
Nxd4 15. Rd1 Be6 16. O-O f6 17. Qh6 Qd7 18. f4 Bb3 19. Rd2 Qg7 20. fxe5 fxe5
21. Qxg7+ Kxg7 22. Re1 Rfe8 23. Be4 Rad8 24. Bxb7 Nc2 25. Ree2 Nxe3 26. Rxd8
Rxd8 27. Rxe3 Rd1+ 28. Kf2 Bc4 29. b3 Bd5 30. Ke2 Rd4 31. Bxd5 Rxd5 32. Rd3 Ra5
33. a4 Kf6 34. Kf3 Rc5 35. Rd6+ Kf5 36. g4+ Kg5 37. Rd3 e4+ 38. Kxe4 Kxg4 39.
Rd7 Rc3 40. Rxh7 Rxb3 41. Rxa7 Rb2 42. a5 Rxh2 43. Rg7 g5 44. a6 Ra2 45. a7 Ra5
46. Kd4 Kf3 47. Rf7+ Ke2 48. Ke4 Ra4+ 49. Kf5 g4 50. Rg7 g3 51. Rxg3 Rxa7
1/2-1/2

[Event "nav07"]
[Site "?"]
[Date "2007.12.06"]
[Round "2.10"]
[White "Carlsson, Pontus"]
[Black "Gonzalez Manchon, Juan M"]
[Result "1-0"]
[WhiteElo "2481"]
[BlackElo "2085"]
[PlyCount "77"]
[EventDate "2007.12.05"]
[SourceDate "2007.12.05"]

1. e4 e5 2. Nf3 Nc6 3. Bb5 a6 4. Ba4 Nf6 5. O-O Be7 6. Re1 b5 7. Bb3 O-O 8. c3
d6 9. h3 Na5 10. Bc2 Bb7 11. d4 c5 12. d5 Nc4 13. b3 Nb6 14. a4 bxa4 15. bxa4
Nc4 16. Qe2 Na5 17. Na3 Qc7 18. Nd2 Nd7 19. Ndc4 Rfb8 20. Nxa5 Qxa5 21. Nc4 Qc7
22. a5 f5 23. Ne3 f4 24. Nf5 Nf6 25. g3 fxg3 26. fxg3 h6 27. Rf1 Rf8 28. Bd2
Kh7 29. h4 Ng8 30. Qe3 Bc8 31. c4 Bd7 32. Rf3 Rf6 33. Raf1 Raf8 34. g4 Bxf5 35.
exf5 Kh8 36. g5 R6f7 37. Rh3 h5 38. Qe2 g6 39. f6 1-0

[Event "nav07"]
[Site "?"]
[Date "2007.12.06"]
[Round "2.7"]
[White "Pena Torres, Jose C"]
[Black "Ubiliava, Elizbar"]
[Result "0-1"]
[WhiteElo "2125"]
[BlackElo "2567"]
[PlyCount "78"]
[EventDate "2007.12.05"]
[SourceDate "2007.12.05"]

1. e4 c5 2. Nf3 d6 3. d4 cxd4 4. Nxd4 Nf6 5. Nc3 a6 6. Be2 e6 7. g4 h6 8. Be3
Nbd7 9. a4 b6 10. Qd2 Bb7 11. f3 Qc7 12. h4 d5 13. exd5 Nxd5 14. Nxd5 Bxd5 15.
c4 Bb7 16. Kf2 h5 17. g5 g6 18. a5 bxa5 19. Qxa5 Qxa5 20. Rxa5 Bb4 21. Ra4 a5
22. Nc2 Bc6 23. Rxb4 axb4 24. Nxb4 Bb7 25. Nd3 O-O 26. Nc5 Nxc5 27. Bxc5 Rfd8
28. Ke3 e5 29. Rc1 Bc6 30. b4 Ra3+ 31. Kf2 Ra2 32. Be3 Ba4 33. Ke1 e4 34. fxe4
Bc2 35. c5 Bxe4 36. b5 Bd3 37. Bxd3 Rxd3 38. Bf4 Rh3 39. Bd2 Rh1+ 0-1

[Event "nav07"]
[Site "?"]
[Date "2007.12.06"]
[Round "2.2"]
[White "Burmakin, Vladimir"]
[Black "Garcia-Ortega Mendez, Jose M"]
[Result "1-0"]
[WhiteElo "2593"]
[BlackElo "2190"]
[PlyCount "115"]
[EventDate "2007.12.05"]
[SourceDate "2007.12.05"]

1. d4 Nf6 2. g3 e6 3. Bg2 c5 4. Nf3 Nc6 5. O-O d5 6. c4 Be7 7. cxd5 exd5 8. Nc3
O-O 9. b3 Bg4 10. dxc5 Bxc5 11. Bb2 Qd7 12. Rc1 Be7 13. Nd4 Bh3 14. Nxc6 bxc6
15. Qc2 Bxg2 16. Kxg2 Rac8 17. Rfd1 Rfd8 18. Qd3 Qe6 19. Qf3 c5 20. e3 h6 21.
Ne2 Qa6 22. Bxf6 Bxf6 23. Nf4 d4 24. Nd5 dxe3 25. Nxf6+ gxf6 26. Rxd8+ Rxd8 27.
Qxe3 Qxa2 28. Qxh6 Qxb3 29. Qxf6 Qd5+ 30. Kf1 Rd6 31. Qa1 a6 32. Qa5 Rc6 33.
Qc3 c4 34. h4 a5 35. Ra1 a4 36. Rb1 Rd6 37. Rb4 Qa8 38. Rb1 Qd5 39. Qa1 Qa5 40.
Rc1 Rc6 41. Rc3 Qb4 42. Qc1 Qc5 43. Qa1 Re6 44. Qxa4 Re1+ 45. Kg2 Qd5+ 46. Rf3
Re6 47. Qa1 Qe4 48. Qc1 Rc6 49. Qg5+ Kf8 50. Qh5 Rg6 51. Qc5+ Kg8 52. Qf5 Qxf5
53. Rxf5 Rc6 54. Ra5 c3 55. Ra1 c2 56. Rc1 Kg7 57. Kf3 Kf6 58. Ke3 1-0

[Event "nav07"]
[Site "?"]
[Date "2007.12.06"]
[Round "3.10"]
[White "Garcia Romero, Benjamin"]
[Black "Gladyszev, Oleg"]
[Result "0-1"]
[WhiteElo "2224"]
[BlackElo "2472"]
[PlyCount "36"]
[EventDate "2007.12.05"]
[SourceDate "2007.12.05"]

1. d4 Nf6 2. c4 g6 3. Nc3 Bg7 4. e4 d6 5. f3 O-O 6. Nge2 c5 7. d5 e6 8. Ng3
exd5 9. cxd5 h5 10. Bg5 Qb6 11. Qd2 Nh7 12. Bh6 Bxh6 13. Qxh6 Qxb2 14. Rc1 Nd7
15. Bb5 Qxg2 16. Bxd7 Bxd7 17. Rf1 Qxh2 18. Nce2 Qg2 {
(A partir de este momento ilegibles las dos planillas)} 0-1

[Event "nav07"]
[Site "?"]
[Date "2007.12.06"]
[Round "3.1"]
[White "Khamrakulov, Ibragim"]
[Black "Dias, Paulo"]
[Result "1-0"]
[WhiteElo "2604"]
[BlackElo "2442"]
[PlyCount "101"]
[EventDate "2007.12.05"]
[SourceDate "2007.12.05"]

1. e4 e5 2. Nf3 Nc6 3. Bc4 Nf6 4. d3 Bc5 5. c3 a6 6. h3 d6 7. Bb3 Ba7 8. Be3
O-O 9. O-O Ne7 10. Bxa7 Rxa7 11. Nh4 Be6 12. f4 Bxb3 13. axb3 exf4 14. Rxf4 Ng6
15. Nxg6 hxg6 16. Nd2 Ra8 17. b4 Qe7 18. Qe1 Rae8 19. Qf2 d5 20. exd5 Nxd5 21.
Re4 Qf6 22. Rae1 Rxe4 23. Nxe4 Qxf2+ 24. Kxf2 Nf4 25. Rd1 Ne6 26. d4 Rd8 27.
Re1 Rd5 28. Nc5 Rf5+ 29. Kg1 a5 30. Nxe6 fxe6 31. bxa5 Rxa5 32. Rxe6 Kf7 33.
Re2 c5 34. dxc5 Rxc5 35. Kf2 Rc7 36. Ke3 Ke6 37. Kf4+ Kf6 38. Re4 Rc5 39. Ke3
Rb5 40. b4 Rd5 41. Rd4 Re5+ 42. Kd3 Re1 43. Kc4 Re2 44. Rf4+ Ke6 45. Kb5 Rxg2
46. Rg4 Rc2 47. Rxg6+ Kf5 48. Rxg7 Rxc3 49. Rxb7 Ke6 50. Rh7 Kd6 51. Ka6 1-0

[Event "nav07"]
[Site "?"]
[Date "2007.12.06"]
[Round "3.4"]
[White "Aloma Vidal, Robert"]
[Black "Hamdouchi, Hichem"]
[Result "0-1"]
[WhiteElo "2398"]
[BlackElo "2571"]
[PlyCount "80"]
[EventDate "2007.12.05"]
[SourceDate "2007.12.05"]

1. d4 Nf6 2. c4 c6 3. Nf3 d5 4. e3 e6 5. Nbd2 a6 6. Bd3 c5 7. b3 Nc6 8. Bb2
dxc4 9. bxc4 cxd4 10. exd4 Bc5 11. Nb3 Bb4+ 12. Kf1 Be7 13. a3 O-O 14. h4 h6
15. Qe2 b5 16. cxb5 axb5 17. Ne5 Bb7 18. Rh3 Qd5 19. Rg3 Nxe5 20. dxe5 Ne4 21.
Rg4 Qxb3 22. Rxe4 Bxe4 23. Qxe4 g6 24. Rb1 Rad8 25. Ke2 Rd5 26. Bc2 Qc4+ 27.
Qxc4 bxc4 28. h5 Rb8 29. a4 Bd8 30. hxg6 Ba5 31. gxf7+ Kxf7 32. Bc1 Rxe5+ 33.
Be3 Rxb1 34. Bxb1 Bb6 35. Ba2 c3 36. Bb3 Bxe3 37. fxe3 Rg5 38. Kf3 Rc5 39. Bc2
Rd5 40. Be4 Rd2 0-1

[Event "nav07"]
[Site "?"]
[Date "2007.12.06"]
[Round "3.2"]
[White "Alsina Vidal, Daniel"]
[Black "Burmakin, Vladimir"]
[Result "1/2-1/2"]
[WhiteElo "2435"]
[BlackElo "2593"]
[PlyCount "95"]
[EventDate "2007.12.05"]
[SourceDate "2007.12.05"]

1. e4 c6 2. d4 d5 3. Nd2 g6 4. Ngf3 Bg7 5. c3 Nd7 6. Bd3 dxe4 7. Nxe4 Ngf6 8.
Nxf6+ Nxf6 9. O-O O-O 10. Re1 b6 11. Qe2 e6 12. Bg5 Bb7 13. Rad1 Qc7 14. Ne5
Nd5 15. c4 Ne7 16. Ng4 Kh8 17. Qe3 Ng8 18. h4 f6 19. Bf4 Qf7 20. Bd6 Rfe8 21.
Qf4 Ne7 22. Ne5 Qg8 23. Nf3 Rad8 24. Bb4 c5 25. dxc5 e5 26. Qg3 Nc6 27. Ba3 e4
28. Bxe4 Rxe4 29. cxb6 Rxe1+ 30. Rxe1 axb6 31. Qc7 Ba8 32. b3 Rb8 33. Bb2 Qd8
34. Qf7 Qf8 35. Qc7 b5 36. cxb5 Rxb5 37. Ng5 Rb7 38. Qxc6 Re7 39. Qc3 fxg5 40.
Rxe7 Bxc3 41. Bxc3+ Kg8 42. Rg7+ Qxg7 43. Bxg7 Kxg7 44. hxg5 Kf7 45. a4 Ke6 46.
f4 Kf5 47. g3 Bc6 48. Kf2 1/2-1/2

[Event "nav07"]
[Site "?"]
[Date "2007.12.06"]
[Round "3.5"]
[White "Cabezas Ayala, Ivan"]
[Black "Kolev, Atanas"]
[Result "0-1"]
[WhiteElo "2313"]
[BlackElo "2567"]
[PlyCount "118"]
[EventDate "2007.12.05"]
[SourceDate "2007.12.05"]

1. e4 c5 2. Nf3 d6 3. d4 cxd4 4. Nxd4 Nf6 5. Nc3 a6 6. Be2 e5 7. Nb3 Be7 8. O-O
O-O 9. a4 Be6 10. Be3 Nbd7 11. a5 Rc8 12. Qd2 Nc5 13. Nxc5 dxc5 14. Rfd1 c4 15.
f3 Qc7 16. Na4 Nd7 17. Kh1 Qc6 18. Nc3 Bb4 19. Qc1 Nf6 20. Bb6 h6 21. Qe3 Rfe8
22. Qf2 Bc5 23. Bxc5 Qxc5 24. Qxc5 Rxc5 25. Kg1 Kf8 26. Ra4 Rec8 27. Rd6 R8c7
28. Kf2 Ke7 29. Rd1 Ne8 30. Rda1 Nd6 31. Rb4 g6 32. g3 f5 33. exf5 gxf5 34. f4
Nf7 35. Ke3 Nd8 36. fxe5 Nc6 37. Rba4 Rxe5+ 38. Kf4 Rd7 39. Rd1 Rxd1 40. Bxd1
Rc5 41. Bf3 Nxa5 42. Ra1 Nc6 43. Re1 Kf6 44. Bxc6 Rxc6 45. Ne2 Rd6 46. Ke3 Rb6
47. Kf4 Rxb2 48. Nd4 Bd7 49. Re5 Rb1 50. Rd5 Rf1+ 51. Ke3 Ke7 52. Rc5 b5 53.
Rc7 Kd6 54. Ra7 Ra1 55. Rb7 h5 56. c3 Ra3 57. Ne2 Bc6 58. Rh7 b4 59. Kd4 b3 0-1

[Event "nav07"]
[Site "?"]
[Date "2007.12.07"]
[Round "3.9"]
[White "Guerra Tulcan, Lenin"]
[Black "Carlsson, Pontus"]
[Result "1/2-1/2"]
[WhiteElo "2231"]
[BlackElo "2481"]
[PlyCount "155"]
[EventDate "2007.12.05"]
[SourceDate "2007.12.05"]

1. e4 c5 2. Nf3 d6 3. d4 Nf6 4. Nc3 cxd4 5. Nxd4 g6 6. Be2 Bg7 7. O-O O-O 8.
Bg5 Nc6 9. Nb3 a6 10. a4 Be6 11. f4 b5 12. axb5 axb5 13. Rxa8 Qb6+ 14. Kh1 Rxa8
15. Nd5 Bxd5 16. exd5 Na5 17. Nxa5 Qxa5 18. Qd3 b4 19. Bf3 Qa6 20. Qxa6 Rxa6
21. Bxf6 Bxf6 22. b3 Kg7 23. Be4 Ra5 24. g4 h6 25. Kg2 g5 26. f5 Be5 27. h3 Kf6
28. Kf3 Ra8 29. Bd3 Ra5 30. Ke4 Ra8 31. Be2 Rc8 32. Bc4 Rh8 33. Be2 Bc3 34. Rd1
Re8 35. Bc4 Kg7 36. Ba6 Ra8 37. Be2 Ra2 38. Bd3 Bf6 39. Rh1 Ra8 40. Bc4 Rc8 41.
Rd1 h5 42. gxh5 Kh6 43. Kf3 Kxh5 44. Bd3 Rc5 45. Bc4 Kh6 46. Re1 Rc8 47. Re4
Kg7 48. Bd3 Rb8 49. Rg4 Kh6 50. Re4 Kg7 51. Rg4 Kh7 52. Re4 Kh6 53. Kg2 Rb7 54.
Kf3 Rb8 55. Kg2 Be5 56. Kf3 Kg7 57. h4 gxh4 58. Rxh4 Bc3 59. Ke4 Ra8 60. Rh1
Ra5 61. Bc4 Ra8 62. Bd3 Kf6 63. Rh6+ Kg7 64. Rh1 Ra2 65. Rg1+ Kf6 66. Rh1 Be5
67. Rh6+ Kg7 68. Rh1 Ra8 69. Bc4 Rc8 70. Bd3 Bf6 71. Rg1+ Kf8 72. Bc4 Ra8 73.
Bb5 Ra5 74. Bc4 Ra8 75. Bb5 Ra2 76. Bd3 Bg7 77. Ke3 Ra5 78. Bc4 1/2-1/2

[Event "nav07"]
[Site "?"]
[Date "2007.12.07"]
[Round "4.8"]
[White "Carlsson, Pontus"]
[Black "Garcia Moreno, Carlos"]
[Result "1/2-1/2"]
[WhiteElo "2481"]
[BlackElo "2165"]
[PlyCount "45"]
[EventDate "2007.12.05"]
[SourceDate "2007.12.05"]

1. e4 e5 2. Nf3 Nc6 3. Bb5 a6 4. Ba4 Nf6 5. O-O Be7 6. Re1 b5 7. Bb3 d6 8. c3
O-O 9. h3 Nb8 10. d4 Nbd7 11. Nbd2 Bb7 12. Bc2 Re8 13. Nf1 Bf8 14. Ng3 g6 15.
b3 d5 16. Bg5 h6 17. Bh4 g5 18. Nxg5 hxg5 19. Bxg5 exd4 20. e5 Rxe5 21. Rxe5
Nxe5 22. Qxd4 Qd6 23. Nf5 1/2-1/2

[Event "nav07"]
[Site "?"]
[Date "2007.12.07"]
[Round "4.9"]
[White "Dias, Paulo"]
[Black "Mateos Gomez, Juan F"]
[Result "1-0"]
[WhiteElo "2442"]
[BlackElo "2090"]
[PlyCount "44"]
[EventDate "2007.12.05"]
[SourceDate "2007.12.05"]

1. d4 g6 2. e4 Bg7 3. c4 c5 4. d5 d6 5. Nc3 e6 6. Nf3 Ne7 7. Be2 O-O 8. O-O
exd5 9. cxd5 h6 10. Nd2 g5 11. Nc4 f5 12. f4 fxe4 13. fxg5 hxg5 14. Nxe4 Nf5
15. Bxg5 Qe8 16. Rf4 Bd4+ 17. Kh1 Qg6 18. Bh5 Qh7 19. Nexd6 b5 20. Nxc8 bxc4
21. Qg4 Na6 22. Ne7+ Nxe7 1-0

[Event "nav07"]
[Site "?"]
[Date "2007.12.07"]
[Round "4.3"]
[White "Hamdouchi, Hicham"]
[Black "Ubilava, Elizbar"]
[Result "1/2-1/2"]
[WhiteElo "2571"]
[BlackElo "2551"]
[PlyCount "118"]
[EventDate "2007.12.05"]
[SourceDate "2007.12.05"]

1. e4 e5 2. Nf3 Nc6 3. Bb5 a6 4. Ba4 Nf6 5. O-O b5 6. Bb3 Bc5 7. a4 Rb8 8. c3
d6 9. d4 Bb6 10. a5 Ba7 11. Be3 Bg4 12. dxe5 Bxf3 13. Qxf3 Nxe5 14. Qg3 Bxe3
15. Qxe3 O-O 16. Nd2 Re8 17. f4 Nc4 18. Nxc4 Rxe4 19. Qd3 bxc4 20. Bxc4 Rxb2
21. Bd5 Re7 22. Bc6 Qc8 23. Rfb1 Ree2 24. Rxb2 Rxb2 25. h3 h5 26. Kh2 g6 27.
Rf1 Qe6 28. Qxa6 d5 29. c4 Qe2 30. Rg1 Ng4+ 31. hxg4 Qxg4 32. Qa8+ Kg7 33. Qd8
Qxf4+ 34. Kh1 Qxc4 35. Qxc7 Qh4+ 36. Qh2 Qxh2+ 37. Kxh2 Ra2 38. Bxd5 Rxa5 39.
Bf3 f5 40. Rd1 Ra6 41. Kg3 Kf6 42. Rd2 Kg5 43. Kf2 Re6 44. Be2 Kf6 45. Rd7 Kg5
46. Ra7 Kf4 47. Ra4+ Kg5 48. Ra3 Kf6 49. Rc3 Kg5 50. Bb5 Kf6 51. Rc8 Kg5 52.
Rg8 Kf6 53. Rf8+ Kg5 54. Rf7 Kf4 55. Rg7 Rb6 56. Bc4 h4 57. Ra7 Rb4 58. Bd3 Rd4
59. Ra3 g5 1/2-1/2

[Event "nav07"]
[Site "?"]
[Date "2007.12.07"]
[Round "4.4"]
[White "Kolev, Atanas"]
[Black "Gladyszev, Oleg"]
[Result "1/2-1/2"]
[WhiteElo "2567"]
[BlackElo "2472"]
[PlyCount "70"]
[EventDate "2007.12.05"]
[SourceDate "2007.12.05"]

1. e4 c5 2. Nf3 Nc6 3. d4 cxd4 4. Nxd4 Nf6 5. Nc3 e5 6. Ndb5 d6 7. Bg5 a6 8.
Na3 b5 9. Nd5 Be7 10. Bxf6 Bxf6 11. c3 Bg5 12. Nc2 Ne7 13. h4 Bh6 14. a4 bxa4
15. Ncb4 O-O 16. Qxa4 a5 17. Bb5 Nxd5 18. Nxd5 Be6 19. Bc6 Rb8 20. b3 Kh8 21.
Ra2 g6 22. b4 axb4 23. cxb4 f5 24. b5 fxe4 25. Qxe4 Rf4 26. Nxf4 Bxa2 27. Qa4
Qg8 28. Ne2 Bc4 29. h5 Bxb5 30. Bxb5 Qd5 31. O-O Qxb5 32. Qxb5 Rxb5 33. Re1 Rb2
34. Ng3 Bf4 35. Ne4 gxh5 1/2-1/2

[Event "nav07"]
[Site "?"]
[Date "2007.12.07"]
[Round "4.6"]
[White "Burmakin, Vladimir"]
[Black "Guerra Tulcan, Lenin"]
[Result "1-0"]
[WhiteElo "2593"]
[BlackElo "2231"]
[PlyCount "83"]
[EventDate "2007.12.05"]
[SourceDate "2007.12.05"]

1. Nf3 c5 2. g3 e6 3. Bg2 Nc6 4. O-O d6 5. d4 cxd4 6. Nxd4 Nxd4 7. Qxd4 Qc7 8.
c4 Bd7 9. Nc3 Nf6 10. a4 a6 11. b3 Be7 12. Bb2 Rc8 13. a5 O-O 14. Na4 Bc6 15.
Nb6 Rcd8 16. e4 Rfe8 17. b4 Bf8 18. Rfc1 Qb8 19. Qd3 Nd7 20. Bd4 Ne5 21. Qb3 f5
22. f3 f4 23. b5 Bd7 24. gxf4 Ng6 25. Be3 d5 26. Nxd7 Rxd7 27. cxd5 exd5 28. f5
Nf4 29. Bf1 Kh8 30. Rd1 Bd6 31. bxa6 Nh5 32. Ra2 dxe4 33. a7 Qd8 34. Rad2 Bxh2+
35. Rxh2 Rxd1 36. Rxh5 Qd6 37. f4 Rd8 38. Kg2 Ra1 39. Be2 Rxa5 40. Qb6 Ra1 41.
Qxd6 Rxd6 42. Rh1 1-0